000 00350nam a2200109Ia 4500
008 171204s9999 xx 000 0 und d
245 _aMarkets For Managers: A Managerial Economics Primer
245 _cAnthony J. Evans
260 _c2014
650 _xMANAGERIAL ECONOMICS
856 _uhttp://down.ebook777.com/001/MarForManAManEcoPri(thWilFinSer.pdf
999 _c347029
_d347029